| 000 -LEADER |
| fixed length control field |
00784nam a22001337a 4500 |
| 040 ## - CATALOGING SOURCE |
| Transcribing agency |
RUA |
| 082 ## - DEWEY DECIMAL CLASSIFICATION NUMBER |
| Classification number |
AVM SOK 1996 B069 Or.1 |
| 100 ## - MAIN ENTRY--AUTHOR NAME |
| Personal name |
SOK, RITHY. |
| 245 ## - TITLE STATEMENT |
| Title |
The maximum utilization of available feed resources in "hun sen development center kraing yov " kandal province (ការប្រើប្រាស់អោយអស់លទ្ធភាពនូវចំណីអាហារជ្រូកដែលមានស្រាប់ក្នុងមជ្ឃមណ្ឌលអភិវឌ្ឃន៏ហ៊ុនសែនក្រាំងយ៉ូវខេត្តកណ្ដាល) |
| 260 ## - PUBLICATION, DISTRIBUTION, ETC. (IMPRINT) |
| Place of publication |
Phnom Penh |
| Name of publisher |
RUA |
| Year of publication |
1996 |
| 300 ## - PHYSICAL DESCRIPTION |
| Number of Pages |
65p. |
| Other physical details |
ill. |
| Dimensions |
29cm. |
| 856 ## - ELECTRONIC LOCATION AND ACCESS |
| Uniform Resource Identifier |
https://drive.google.com/file/d/1rMKX8cbf_BqI_tbcc7Zcprpw1G7fUET_/view?usp=sharing |
| 942 ## - ADDED ENTRY ELEMENTS (KOHA) |
| Koha item type |
AVM |
| 952 ## - LOCATION AND ITEM INFORMATION (KOHA) |
| Withdrawn status [LOCAL, KOHA] |
0 |
| 952 ## - LOCATION AND ITEM INFORMATION (KOHA) |
| Withdrawn status [LOCAL, KOHA] |
0 |
| 952 ## - LOCATION AND ITEM INFORMATION (KOHA) |
| Withdrawn status [LOCAL, KOHA] |
0 |